Sports Quiz

Random Sports or NHL Quiz

Bucs, Bucks, Ducks or Canucks? Quiz Stats

 Plays Quiz Updated Dec 2, 2017

Challenge
Share
Tweet
Embed
Score 0/24 Timer 06:00
0 Plays Today
% Correct
Bucks
88.6%
Bucs
88.4%
Bucks
88.1%
Bucs
87.2%
Bucks
87.1%
Ducks
85.5%
Ducks
84.1%
Bucks
83.9%
Bucs
83.8%
Bucks
81.4%
Bucs
79.4%
Bucs
74.3%
% Correct
Ducks
73.8%
Ducks
72.4%
Canucks
71.9%
Canucks
69.4%
Canucks
62.9%
Ducks
62%
Ducks
61.7%
Canucks
61.4%
Bucks
60.5%
Canucks
59.6%
Bucs
53.7%
Canucks
48.5%

You're not logged in!

Compare scores with friends on all Sporcle quizzes.
OR
Log In

You Might Also Like...

Show Comments

Extras

Top Quizzes Today


Score Distribution

Your Account Isn't Verified!

In order to create a playlist on Sporcle, you need to verify the email address you used during registration. Go to your Sporcle Settings to finish the process.

Report this User

Report this user for behavior that violates our Community Guidelines.

Details: